MDQL
is popping MORE tags! Check the
thread
!
Quizzes
Events
Quiz Creation
Community
Videos
Private Events
Remove Ads
Sign In
Join for FREE
Feedback
Dark Mode
Quiz Categories
Sports
Geography
Music
Movies
Television
Just For Fun
Miscellaneous
History
Literature
Language
Science
Gaming
Entertainment
Religion
Holiday
For Kids
Quiz Lab
Recent
Popular Today
Quiz Kudos Today
Editor Picks
Curator Picks
Quizzes by...
Day
Popularity
Type
Ratings
Length
Year
Community
Subscriptions
Recent Discussions
Orange Saloon
Badges
Playlists
Quests
Create
Leaderboards
Showdown
Live 5
Trivia Bingo
Activity
Puzzle Library
Sporcle Events
Private Events
Virtual Trivia
Globe League
Become a Host
Pub Owners
SporcleCon
Opinionation
Our Games
Videos
Blog
Mobile Apps
Partnerships
Remove Ads and Go Orange
Feedback
Geography
Country
Landmarks
City
State
Population
World
Capital
Continent
Flags
Europe
Africa
Asia
South America
North America
Oceania
Border
Canada
United Kingdom
Topography
United States
Geography
Country
Landmarks
City
State
Population
World
Capital
Continent
Flags
Europe
Africa
Asia
South America
North America
Oceania
Border
Canada
United Kingdom
Topography
United States
Random Quiz
Search Sporcle
×
Quiz Lab
Quiz Lab
Geography
Pennsylvania Counties
Type in answers that appear in a list
Type in answers that appear in a list
Classic
Best Score? Go Orange.
Municipalities of Schuylkill County, Pennsylvania Stats
Can you name the Municipalities of Schuylkill County, Pennsylvania?
By
PAisGreat
12m
67 Questions
227 Plays
227 Plays
227 Plays
Comments
Comments
Give Quiz Kudos
Give Quiz Kudos
-
- Ratings
hide this ad
More Info
Replay
Link that replays current quiz
Next Quiz
Link to next quiz in quiz playlist
You Got
0%
They Got
Avg Score
72%
Avg Friend Score
Upgrade to see
Score Distribution
Jump to the score distribution portion of the page
Score
0/67
Timer
12:00
0
Plays Today
% Correct
Pottsville
97.8%
Schuylkill
91.2%
Ashland
89.9%
Frackville
89.9%
Minersville
89.9%
Tamaqua
89.4%
Schuylkill Haven
89%
Pine Grove
88.1%
Pine Grove
88.1%
Shenandoah
87.2%
Orwigsburg
85%
St. Clair
85%
Mahanoy
84.1%
Port Carbon
81.1%
Tremont
81.1%
Tremont
81.1%
Mahanoy City
80.6%
New Philadelphia
80.2%
Ringtown
80.2%
Cressona
78.9%
Girardville
78.9%
Port Clinton
78.9%
Gordon
77.1%
Tower City
77.1%
Hegins
77.1%
Deer Lake
76.7%
Auburn
74.9%
Gilberton
74.4%
North Manheim
74%
New Ringgold
73.1%
Palo Alto
71.8%
Coaldale
71.4%
Butler
71.4%
Mount Carbon
70.5%
% Correct
South Manheim
70%
Norwegian
69.6%
Branch
69.2%
Rush
68.7%
Cass
68.3%
East Norwegian
68.3%
Ryan
68.3%
Union
68.3%
Washington
68.3%
West Mahanoy
67.8%
Delano
67.4%
McAdoo
67%
Mechanicsville
67%
Blythe
67%
West Penn
67%
Wayne
66.5%
Middleport
64.3%
Porter
64.3%
West Brunswick
63.9%
East Brunswick
63.4%
Landingville
63%
Foster
62.1%
New Castle
62.1%
Barry
61.7%
Hubley
61.2%
Kline
60.8%
Reilly
60.8%
East Union
59.9%
Frailey
59.9%
Walker
59.5%
North Union
57.7%
Eldred
55.9%
Upper Mahantongo
54.6%
Quiz Playlist
Details
Report
Send in Message
Add To Playlist
More Info:
Only official boroughs and townships are included. CDPs & unincorporated communities are not.
Classic:
Type in answers that appear in a list
Quiz Source
Last Updated: Feb 16, 2017
Quiz Scoreboard
CHALLENGE
Sign Up to Join the Scoreboard
Show All
Scores
Hide
Comments
May contain spoilers
Recently Published
Colored Red Africa Blitz
by spor1
Geography
30s
Find the 'City' Movie
by crazypaving
Movies
60s
5x2 Blitz: Bands
by SL_Kpop136
Music
30s
More to Explore
Quiz From the Vault
Featured Blog Post
14 Easter Pick-up Lines to Find Eggs With
hide this ad
You Might Also Like...
Tags
borough
counties
Municipality
Pennsylvania
Pennsylvania Counties
Township
Today's Top Quizzes in Geography
Browse Geography
hide this ad
Top Contributed Quizzes in Geography
1
Colored Red Europe Blitz I
2
Countries of the World - No Outlines Minefield
3
Colored Red Africa Blitz II
4
Colored Red Europe Blitz II
5
Colored Red Europe Blitz III
6
Colored Red Africa Blitz III
7
Colored Red States Blitz I
8
Colored Red States Blitz II
9
Lietuvos savivaldybės (Lithuanian Municipalities)
10
A Different View: World Oceans
Explore More
Trending Topics
Disney
Anime
Marvel
Crossword
NBA
Kpop
Harry Potter
Pokémon
WWE
Country
Soccer
The Office
Puzzle
NFL
Song
hide this ad
More By:
PAisGreat
Quiz
Plays
Rating
Category
Featured
Created
Europe per 4th Letter
76,072
4.56
Geography
Oct 27, 2012
'Jolene' Lyrics
57,154
4.74
Music
Oct 30, 2011
Dolly Parton '9 to 5' Lyrics
4,025
4.70
Music
Oct 30, 2011
Dolly Parton 'I Will Always Love You' Lyrics
2,942
4.25
Music
Oct 30, 2011
Pennsylvania Counties by Any 3 Letters.
821
4.83
Geography
Aug 4, 2013
Go to Creator's Profile
Score Distribution
Quiz Creator Spotlight
PAisGreat
Follow
Send a Message
Quizzes Created
-
Created Quiz Play Count
-
More By This Creator
Popular Quizzes Today
1
Colored Red Africa Blitz
2
Find the 'City' Movie
3
5x2 Blitz: Bands
4
Find the US States - No Outlines Minefield
5
The Countries of the World
6
Find the US States
7
US States
8
Find the Countries of Europe - No Outlines Minefield
More Geography Quizzes
Ultimate Geography Threesome Challenge
Curator's Pick
Trending Quizzes
Colored Red Europe Blitz I
Colored Red Europe Blitz II
Colored Red Africa Blitz II
Colored Red Europe Blitz III
Colored Red Africa Blitz III
Recently Updated
How Do You Spell That?
pecheneg
Godzilla Movies
pecheneg
Grab Bag: 4-10 Letters
pecheneg
2024 March Madness Bracket
pecheneg
Famous TV Couples
Peacemaker
Champions League XIs: Real Madrid
pecheneg
Largest US Cities 1790-2010
pecheneg
Rides in Walt Disney World
pecheneg
Most Oscar Losses (Acting)
pecheneg
Beyoncé Albums
pecheneg
Trending Topics
Anime
Marvel
Disney
Kpop
Harry Potter
NBA
Crossword
Song
NFL
Soccer
WWE
Country
Puzzle
The Office
Pokémon
Your Account Isn't Verified!
In order to create a playlist on Sporcle, you need to verify the email address you used during registration. Go to your
Sporcle Settings
to finish the process.
Report this User
Report this user for behavior that violates our
Community Guidelines
.
Details:
Send Report
Go to the Sporcle.com Mobile Site →
Comments